| 000 | 01070nam a22003257a 4500 | ||
|---|---|---|---|
| 003 | CHAP | ||
| 005 | 20220329134719.0 | ||
| 008 | 971013s1977 r 00010 d | ||
| 010 | _a24677 | ||
| 011 | _a25649 | ||
| 035 | _a29749 | ||
| 040 | _cCHAP | ||
| 090 | _aFolleto 8600 | ||
| 110 |
_aInstituto Colombiano de Normas Técnicas _959092 |
||
| 245 | _aReferencias bibliográficas para publicaciones periódicas | ||
| 260 |
_a(Bogotá : _bEl Instituto), _c(1977) |
||
| 300 | _a16 p | ||
| 590 |
_aBATCH-UPD _b10 _c20130110 _lUCH01 _h0005 |
||
| 590 |
_aBATCH-UPD _b10 _c20130110 _lUCH01 _h2004 |
||
| 590 |
_aBATCH-UPD _b10 _c20130409 _lUCH01 _h1941 |
||
| 590 |
_aBATCH-UPD _b10 _c20130410 _lUCH01 _h1324 |
||
| 590 |
_aBATCH-UPD _b10 _c20130914 _lUCH01 _h0942 |
||
| 590 |
_aCONVERSION _b10 _c20130109 _lUCH01 _h1314 |
||
| 650 | 1 | 4 |
_aCitas bibliográficas. _923482 |
| 650 | 1 | 4 |
_aPublicaciones periódicas _xBibliografía. _992716 |
| 901 | _aBK | ||
| 942 | _cFOLL | ||
| 949 |
_aFolleto 8600 _bBC _cB _d-68736 _eB _i29749 _si |
||
| 949 |
_aFolleto 8600 _bBC _cB _d-68737 _eB _fc.2 _i29749 _si |
||
| 999 |
_c24677 _d24677 |
||